000 00447nam a22001457a 4500
008 250620b |||||||| |||| 00| 0 eng d
020 _a978978589768
050 _aQR46
_b.C54
100 _aAdegboro Boaz
245 _aTextbook of applied Microbiology and infection control
_bincluding safety
260 _aNew Delhi
_bJaypee brothers medical publishers ltd
_c2024
300 _axvi, 530p.
_bill.
650 _aBacteriology
_vpathology
942 _cBK
999 _c3912
_d3912